| 000 | 00913nam a22002057a 4500 | ||
|---|---|---|---|
| 999 |
_c3154 _d3154 |
||
| 003 | AR-CdUCM | ||
| 008 | 190306b ||||| |||| 00| 0 spa d | ||
| 040 |
_aMUNICIPALIDAD PROVINCIAL DEL CUSCO _cBIBLIOTECA MUNICIPAL DEL CUSCO |
||
| 082 |
_a371.28 / _bH98 |
||
| 100 |
_aHutchins M. / Robert _910633 |
||
| 245 | _aAprendizaje y Sociedad / | ||
| 260 |
_aEstados Unidos de America : _bMonte Avila , _c1969. |
||
| 300 |
_a149 páginas ; _c23.5 cm. |
||
| 505 | _aContenido : Las Cirscunstancias -- ¿Quien debe recibir qué Clases de Educacion -- Educación para el Poder Nacional y la Prosperidad -- La Excepción Totalitaria -- Nacion Estado y Comunidad Mundial -- La Tecnologia de la Educacion -- Educacion Lliberal para Todos -- La Universidad -- La Sociedad que Estudia... | ||
| 650 |
_aEducacion _9460 |
||
| 650 |
_aSociedad _953 |
||
| 650 |
_aEducacion Liberal _910634 |
||
| 942 |
_2ddc _cLIBROS |
||
| 945 | _artm | ||